How to do your research project : (Record no. 304)

MARC details
000 -LEADER
fixed length control field 00878nam a22002897a 4500
001 - CONTROL NUMBER
control field 19367894
005 - DATE AND TIME OF LATEST TRANSACTION
control field 20230502103332.0
008 - FIXED-LENGTH DATA ELEMENTS--GENERAL INFORMATION
fixed length control field 230502b |||||||| |||| 00| 0 eng d
010 ## - LIBRARY OF CONGRESS CONTROL NUMBER
LC control number 2016959223
020 ## - INTERNATIONAL STANDARD BOOK NUMBER
International Standard Book Number 9781473948860 (hbk)
020 ## - INTERNATIONAL STANDARD BOOK NUMBER
International Standard Book Number 9781473948877 (pbk)
040 ## - CATALOGING SOURCE
Original cataloging agency DLC
Language of cataloging eng
Description conventions rda
Transcribing agency KMU
Modifying agency KMU
042 ## - AUTHENTICATION CODE
Authentication code pcc
050 ## - LIBRARY OF CONGRESS CALL NUMBER
Classification number LB 1028 Tho 2017
100 1# - MAIN ENTRY--PERSONAL NAME
Personal name Thomas, Gary.
245 10 - TITLE STATEMENT
Title How to do your research project :
Remainder of title a guide for students in education and applied social sciences /
Statement of responsibility, etc. Gary Thomas.
250 ## - EDITION STATEMENT
Edition statement 3rd edition.
263 ## - PROJECTED PUBLICATION DATE
Projected publication date 1705
264 #1 - PRODUCTION, PUBLICATION, DISTRIBUTION, MANUFACTURE, AND COPYRIGHT NOTICE
Place of production, publication, distribution, manufacture Thousand Oaks, CA :
Name of producer, publisher, distributor, manufacturer SAGE Publications,
Date of production, publication, distribution, manufacture, or copyright notice 2017.
300 ## - PHYSICAL DESCRIPTION
Extent pages cm
336 ## - CONTENT TYPE
Content type term text
Content type code txt
Source rdacontent
337 ## - MEDIA TYPE
Media type term unmediated
Media type code n
Source rdamedia
338 ## - CARRIER TYPE
Carrier type term volume
Carrier type code nc
Source rdacarrier
906 ## - LOCAL DATA ELEMENT F, LDF (RLIN)
a 0
b ibc
c orignew
d 2
e epcn
f 20
g y-gencatlg
942 ## - ADDED ENTRY ELEMENTS (KOHA)
Source of classification or shelving scheme Library of Congress Classification
Koha item type Non-Fiction
Suppress in OPAC No
Holdings
Withdrawn status Lost status Source of classification or shelving scheme Damaged status Not for loan Collection Home library Current library Shelving location Date acquired Source of acquisition Total Checkouts Total Renewals Full call number Barcode Date last seen Date last checked out Price effective from Koha item type
    Library of Congress Classification     Non-fiction Kapasa Makasa University Kapasa Makasa University Open Access 02.05.2023 Zambia Library Service 5 2 LB 1028 Tho 748888 16.04.2025 25.03.2025 02.05.2023 Non-Fiction
    Library of Congress Classification     Non-fiction Kapasa Makasa University Kapasa Makasa University Open Access 06.10.2023 Book Aid 1   LB 1028 Tho 748889 05.03.2025 19.02.2025 06.10.2023 Non-Fiction
    Library of Congress Classification     Non-fiction Kapasa Makasa University Kapasa Makasa University Open Access 06.10.2023 Book Aid 2   LB 1028 Tho 748887 25.03.2025 11.03.2025 06.10.2023 Non-Fiction
    Library of Congress Classification     Non-fiction Kapasa Makasa University Kapasa Makasa University Open Access 06.10.2023 Book Aid 1 1 LB 1028 Tho 748886 11.03.2025 19.02.2025 06.10.2023 Non-Fiction